000
00199 a2200097 4500
001
52510
100
_a
Siddons A R
245
_a
Fox's Earth
260
_a
London
_b
Fontana
_c
090
_c
32997
_d
32997
942
_a
NUST-CAE
_c
M
_c
25554
999
_c
287583
_d
287583